000 00864nam a22002897a 4500
003 CHAP
005 20220329134632.0
008 971013s1955 r 00010 d
010 _a23389
011 _a24361
035 _a28460
040 _cCHAP
090 _aFolleto 432
100 0 0 _aChávez Orozco, Luis
_ecomp.
_922749
245 _aDocumentos sobre la alhóndiga del real y minas de Tlalpujagua
260 _aMéxico, D.F. :
_bANDSA,
_c1955
300 _a29 p
590 _aBATCH-UPD
_b10
_c20130110
_lUCH01
_h0111
590 _aBATCH-UPD
_b10
_c20130110
_lUCH01
_h1123
590 _aBATCH-UPD
_b10
_c20130409
_lUCH01
_h2102
590 _aBATCH-UPD
_b10
_c20130914
_lUCH01
_h0927
590 _aCONVERSION
_b10
_c20130109
_lUCH01
_h1314
650 1 4 _aSilos.
_9105965
901 _aBK
942 _cFOLL
949 _aFolleto 432
_bBC
_cFOLL
_d-65654
_eTS1
_i28460
_si
999 _c23389
_d23389